000 01219nam0a2200361 4500
001 RU\NLR\BIBL_A\010985738
005 201605190508
010 _a978-5-222-25804-0
_92500
021 _aRU
_b2016-8514
_9554
035 _a(NLR Aleph) 010985738
035 _a(NILC)RuMoRGB-008136253
090 _a10900511
_c10900511
100 _a20160224d2016 k y0rusy50 ca
101 0 _arus
102 _aRU
105 _aa|||z|||000yy
200 1 _aУниверсальная схема восстановления организма
_fФ. Р. Бикбаева
210 _aРостов-на-Дону
_cФеникс
_d2016
215 _a74, [2] с.
_cил.
_d20
225 1 _aСерия "Панацея"
333 _a6+
606 1 _aЗдоровье
_jПопулярные издания
_xВлияние препаратов "Тяньши"
_92283165
_3RU\NLR\AUTH\6601595863
675 _a615.8
686 1 _aР359.11я9
686 1 _aР351я9
700 1 _aБикбаева
_bФ. Р.
_gФарида Равильевна
801 0 _aRU
_bРГБ
_c20160205
_gRCR
942 _cBOOK
980 _aSCAN_DONE
980 _aNBR
980 _aNB